000
00292nam a2200121Ia 4500
008
191201s2015 xx 000 0 und d
100
_a
NIRA, Konar
245
0
_a
Communication Skill for Professionals
250
_a
Rep
260
_c
2015
_b
PHI
_a
NEW DELHI
300
_a
204
942
_2
ddc
_c
BK
_0
2
999
_c
7963
_d
7963